Panduan lengkap bisnes sublet : jana keuntungan tanpa membeli hartanah

Bibliographic Details
Main Author: Mohd Safuan Abd Rahman (Author)
Format: Book
Language:Malay
Published: Shah Alam Selangor : Mohd Safuan Abd Rahman 2014
Subjects:

MARC

LEADER 00000cam a2200000 7i4500
001 0000027696
005 20241119.0
008 180111 my a may
020 |a 9789671246306 
040 |a INS   |b eng   |e rda 
090 0 0 |a HD1384   |b M57 2014 
100 0 |a Mohd Safuan Abd Rahman ,   |e author 
245 1 0 |a Panduan lengkap bisnes sublet :   |b jana keuntungan tanpa membeli hartanah   |c Wan Infolelong 
264 1 |a Shah Alam Selangor :   |b Mohd Safuan Abd Rahman   |c 2014 
300 |a xii, 116 pages :   |b colour photographs ;   |c 21 cm. 
336 |a text  |2 rdacontent 
337 |a unmediated  |2 rdamedia 
338 |a volume  |2 rdacarrier 
650 0 |a Commercial lease 
650 0 |a Real estate business 
650 0 |a Subtenants 
999 |a 1000003162   |b BOOK   |c Open Shelf   |e Default branch